Tập bài giảng giám định pháp y
Nội dung sách gồm: đại cương pháp y; tử thi học; căn cước học pháp y; pháp y thương tích; pháp y sinh dục; pháp y chất độc; xét nghịêm trong pháp y.
Na minha lista:
| Autor principal: | |
|---|---|
| Formato: | Livro |
| Idioma: | Undetermined |
| Publicado em: |
Tp.Hồ Chí Minh
Trường đại học luật Thành phố Hồ Chí Minh
2010
|
| Assuntos: | |
| Tags: |
Adicionar Tag
Sem tags, seja o primeiro a adicionar uma tag!
|
| Thư viện lưu trữ: | Trung tâm Học liệu Trường Đại học Cần Thơ |
|---|
| LEADER | 00847nam a2200205Ia 4500 | ||
|---|---|---|---|
| 001 | CTU_192823 | ||
| 008 | 210402s9999 xx 000 0 und d | ||
| 020 | |c 34000 | ||
| 082 | |a 614.1 | ||
| 082 | |b Ch309 | ||
| 100 | |a Nguyễn, Đăng Chiêu | ||
| 245 | 0 | |a Tập bài giảng giám định pháp y | |
| 245 | 0 | |c Nguyên Đăng Chiêu | |
| 260 | |a Tp.Hồ Chí Minh | ||
| 260 | |b Trường đại học luật Thành phố Hồ Chí Minh | ||
| 260 | |c 2010 | ||
| 520 | |a Nội dung sách gồm: đại cương pháp y; tử thi học; căn cước học pháp y; pháp y thương tích; pháp y sinh dục; pháp y chất độc; xét nghịêm trong pháp y. | ||
| 650 | |a Medical jurisprudence,Pháp y | ||
| 904 | |i Tuyến | ||
| 980 | |a Trung tâm Học liệu Trường Đại học Cần Thơ | ||